MARC

LEADER 00000nas a2200000 a 4500
001 ssj0000070433
003 WaSeSS
005 20200512172242.0
006 m d
007 cr n
008 010427c19999999maufr p s 0 a0eng c
010 |a  2001235743 
022 |l 1555-9777  |y 1555-9777 
035 |a (WaSeSS)ssj0000070433 
037 |b G. Tod Slone, The American Dissident, 1837 Main St., Concord, MA 01742-3811 
040 |a HLS  |b eng  |c HLS  |d NSD  |d NYP  |d OCLCQ  |d HUL  |d OCLCF  |d OCL  |d OCLCA  |d WaSeSS 
042 |a pcc  |a nsdp 
043 |a n-us--- 
050 1 4 |a PS593.P77  |b A44 
082 1 0 |a 811  |2 13 
222 4 |a The American dissident 
245 0 4 |a The American dissident  |h [electronic resource]. 
260 |a Concord, MA :  |b ContraOstrich Press,  |c 1999- 
310 |a Semiannual 
362 0 |a Vol. 1, no. 1 (spring 1999)- 
506 |a License restrictions may limit access. 
515 |a Vol. 1, no. 1 also called Premiere issue. 
588 |a Latest issue consulted: No. 12 (fall/winter 2005). 
648 7 |a 1900-1999  |2 fast 
650 0 |a Poetry  |v Periodicals. 
650 0 |a Essays  |v Periodicals. 
650 0 |a Dissident arts  |z United States  |v Periodicals. 
650 7 |a Civilization.  |2 fast  |0 (OCoLC)fst00862898 
650 7 |a Dissident arts.  |2 fast  |0 (OCoLC)fst00895439 
650 7 |a Essays.  |2 fast  |0 (OCoLC)fst00915437 
650 7 |a Poetry.  |2 fast  |0 (OCoLC)fst01067691 
651 0 |a United States  |x Civilization  |y 20th century  |v Periodicals. 
651 7 |a United States.  |2 fast  |0 (OCoLC)fst01204155 
655 0 |a Electronic journals. 
700 1 |a Slone, G. Tod. 
856 4 0 |z Full text available from Research Library: 04/01/1999 to 12/31/2013  |u https://search.proquest.com/publication/51289 
856 4 0 |z Full text available from Research Library: 01/01/2015 to present  |u https://search.proquest.com/publication/51289